| 000 | 00468nam a2200169Ia 4500 | ||
|---|---|---|---|
| 008 | 230524s9999 xx 000 0 und d | ||
| 020 | _a9788126556014 | ||
| 082 |
_a5.133 _bDIE |
||
| 100 |
_aCharles Dierbach _943950 |
||
| 245 | 0 | _aIntroduction to Computer Science Using Python ( A Computational Problem-Solving Focus) | |
| 250 | _a1 | ||
| 260 |
_aDelhi _bWiley _c2017 |
||
| 300 | _a"XIX,580p;" | ||
| 500 | _aQuantity Number: 1 | ||
| 650 | _aComp.Sc | ||
| 942 | _cBK | ||
| 999 |
_c59573 _d59573 |
||